Predicación del evangelio: dominicas, fiestas del señor y de los santos
Saved in:
| 主要作者: | |
|---|---|
| 格式: | 圖書 |
| 語言: | 西班牙语 |
| 出版: |
Barcelona
Editorial Litúrgica Española
1955
|
| 版: | 1a. ed |
| 主題: | |
| 標簽: |
添加標簽
沒有標簽, 成為第一個標記此記錄!
|
MARC
| LEADER | 00000cam a2200000 a 4500 | ||
|---|---|---|---|
| 001 | UCE9863 | ||
| 003 | CL-VaPUC | ||
| 008 | 151106e19550000sp |||||||||||||||||spa|d | ||
| 082 | 0 | 4 | |a 291.61 |b COL |2 21 |
| 100 | 0 | |a Colombo, Giovanni |e author |9 582827 | |
| 245 | 1 | 0 | |a Predicación del evangelio: dominicas, fiestas del señor y de los santos |
| 250 | |a 1a. ed | ||
| 300 | |a v | ||
| 942 | |c BK | ||
| 945 | |d 20151106 14:16:00 |a gsalatino | ||
| 260 | |a Barcelona |b Editorial Litúrgica Española |c 1955 | ||
| 650 | 7 | |a SERMONES |2 CL-VaPUC |9 317687 | |
| 650 | 0 | |a Predicación |9 398079 | |
| 650 | 7 | |a EVANGELIZACION |2 CL-VaPUC |9 582828 | |
| 583 | |a last modification |c 20151106 14:16:00 |k Rodrigo Vera | ||
| 999 | |c 361506 |d 361504 | ||
| 952 | |0 0 |1 0 |3 erd |4 0 |6 291_610000000000000_COL_1955 |7 0 |8 P |9 472068 |a BIBTEO |b BIBTES |c TEO_FTES |h v.1 |i 5208661 |o 291.61 COL 1955 |p 5208661 |r 2024-01-18 |w 2019-11-24 |y BK |z Catalogado en:20151106 |k ICR | ||
| 952 | |0 0 |1 0 |3 erd |4 0 |6 291_610000000000000_COL_1955 |7 0 |8 P |9 472069 |a BIBTEO |b BIBTES |c TEO_FTES |h v.2 |i 520867K |o 291.61 COL 1955 |p 520867K |r 2024-01-18 |w 2019-11-24 |y BK |z Catalogado en:20151106 |k ICR | ||